00478nam a22001577a 4500020001800000082001400018100002500032245004600057250000800103260004000111300000800151650001600159942000700175952012100182999001700303 a9788131604427 a305.8 PER aPerlman Helen Harris aSocial CaseWork A Problem-Solving Process a1st aNew DelhibRawat Publicationsc2011 a268 aSocial Work cBK 00104070aHMIbHMIcGENd2016-01-21eflipkartg650.00l1o305.8 PERp25009r2017-01-12s2016-04-08w2026-01-16yBK c19950d19950